Yours, mine, ours (Record no. 4401)
[ view plain ]
| 000 -CABECERA | |
|---|---|
| campo de control de longitud fija | 01647nam a22002177a 4500 |
| 008 - DATOS DE LONGITUD FIJA--INFORMACIÓN GENERAL | |
| campo de control de longitud fija | 241106b |||||||| |||| 00| 0 eng d |
| 020 ## - NÚMERO INTERNACIONAL ESTÁNDAR DEL LIBRO | |
| Número Internacional Estándar del Libro | 9781844885398 |
| 040 ## - FUENTE DE LA CATALOGACIÓN | |
| Centro/agencia transcriptor | tbs |
| 041 ## - CÓDIGO DE LENGUA | |
| Código de lengua del texto/banda sonora o título independiente | eng |
| 050 ## - SIGNATURA TOPOGRÁFICA DE LA BIBLIOTECA DEL CONGRESO | |
| Número de clasificación | PR6113.O7485 |
| Número de documento/Ítem | Y68 2022 |
| 100 ## - ENTRADA PRINCIPAL--NOMBRE DE PERSONA | |
| Nombre de persona | Moriarty, Sinéad |
| 9 (RLIN) | 24309 |
| Término indicativo de función/relación | author |
| 245 ## - MENCIÓN DE TÍTULO | |
| Título | Yours, mine, ours |
| Mención de responsabilidad, etc. | / Sinéad Moriarty |
| 260 ## - PUBLICACIÓN, DISTRIBUCIÓN, ETC. | |
| Lugar de publicación, distribución, etc. | London : Penguin Books, 2023. |
| 300 ## - DESCRIPCIÓN FÍSICA | |
| Extensión | 389 pages ; 24 cm. |
| 520 ## - SUMARIO, ETC. | |
| Sumario, etc. | What's a few more branches on the family tree?<br/><br/>Things are finally looking up for Anna. Seventeen miserable years of marriage to man-child Connor have left her drained and ready for a new start. So when they separate, she couldn't be more thrilled to move in with James, a handsome lecturer who is everything her ex-husband is not: kind, thoughtful, and above all, reliable.<br/><br/>But Anna and James's kids hate living with the loved-up couple and the new set-up. Their teenage daughters - one a studious high achiever and the other a cool rich girl unbothered by grades or exams - have nothing in common. And Anna's wild football-mad nine-year-old son declares war on bookish James.<br/><br/>Nobody said step-parenting was easy; Anna and James are about to find out exactly how complicated it can be. With exes, new partners-of-exes and money all in the mix, home life is fast becoming a minefield and their new-found happiness hangs in the balance. Do they have what it takes to make their blended family work? |
| 650 #0 - PUNTO DE ACCESO ADICIONAL DE MATERIA--TÉRMINO DE MATERIA | |
| Término de materia o nombre geográfico como elemento de entrada | Divorced people |
| Subdivisión de forma | Fiction |
| 9 (RLIN) | 24310 |
| 650 #0 - PUNTO DE ACCESO ADICIONAL DE MATERIA--TÉRMINO DE MATERIA | |
| Término de materia o nombre geográfico como elemento de entrada | Man-woman relationships |
| Subdivisión de forma | Fiction |
| 9 (RLIN) | 11134 |
| 650 #0 - PUNTO DE ACCESO ADICIONAL DE MATERIA--TÉRMINO DE MATERIA | |
| Término de materia o nombre geográfico como elemento de entrada | Stepfamilies |
| Subdivisión de forma | Fiction |
| 9 (RLIN) | 24311 |
| 650 #0 - PUNTO DE ACCESO ADICIONAL DE MATERIA--TÉRMINO DE MATERIA | |
| Término de materia o nombre geográfico como elemento de entrada | Interpersonal conflict |
| Subdivisión de forma | Fiction |
| 9 (RLIN) | 24312 |
| 942 ## - ELEMENTOS DE ENTRADA AGREGADA (KOHA) | |
| Fuente del sistema de clasificación o colocación | Clasificación de Library of Congress |
| Estado de retiro | Estado de pérdida | Fuente del sistema de clasificación o colocación | Estado dañado | No para préstamo | Biblioteca de origen | Biblioteca actual | Fecha de adquisición | Total de préstamos | Signatura topográfica completa | Código de barras | Fecha visto por última vez | Número de copia | Precio válido a partir de | Tipo de ítem Koha |
|---|---|---|---|---|---|---|---|---|---|---|---|---|---|---|
| Clasificación de Library of Congress | TBS Barcelona | TBS Barcelona | 06/11/2024 | P-EN MOR | B05343 | 06/11/2024 | 1 | 06/11/2024 | Book |

